header

LC21 (Record no. 58104)

MARC details
000 -LEADER
fixed length control field 01737nam a22003494a 4500
082 04 - DEWEY DECIMAL CLASSIFICATION NUMBER
Classification number 027.573/0285
245 00 - TITLE STATEMENT
Title LC21
260 ## - PUBLICATION, DISTRIBUTION, ETC. (IMPRINT)
Place of publication Washington, D.C. :
Name of publisher National Academy Press,
Year of publication c2000.
300 ## - PHYSICAL DESCRIPTION
Number of Pages xviii, 265 p. :
Other physical details ill.
500 ## - GENERAL NOTE
General note Also available on the World Wide Web.
650 #0 - SUBJECT ADDED ENTRY--TOPICAL TERM
Topical Term National libraries
Topical Term Integrated library systems (Computer systems)
Topical Term Libraries
Topical Term Digital libraries
856 40 - ELECTRONIC LOCATION AND ACCESS
Uniform Resource Identifier http://site.ebrary.com/lib/rucke/Doc?id=10038813

No items available.

© 2026 Rongo University
Contact us: librarian | system librarian | Rongo university